Statystyki dla Wszytkie landy niemieckie graniczące z Turyngią

Kliknij tutaj aby rozwiązać quiz!

Ogólne statystyki

  • Ten quiz został rozwiązany 16 razy
    (15 od ostatniego zresetowania)
  • Średni wynik to 3 z 5

Statystyki odpowiedzi

Odpowiedź% Poprawnych
Bawaria
86%
Saksonia
86%
Hesja
57%
Saksonia Anhalt
29%
Dolna Saksonia
14%

Rozkład punktacji

Percentyl według liczby udzielonych odpowiedzi

Procent ludzi z każdym wynikiem

Twoja historia wyników

Nie rozwiązałeś tego quizu od ostatniego zresetowania